000 00311nam a22001217a 4500
020 _a817100055X
082 _a330.1091
100 _aDevendra Thakur
245 _aPlanning for economic growth of third world countries
260 _aNew Delhi
_bDeep and Deep publications
_c1988
300 _a224p
942 _cBK
999 _c3330
_d3330